[Event "XIII Figueira da Foz Open 2019"]
[Site "Figueira da Foz"]
[Date "2019.11.01"]
[Round "6.12"]
[White "Silva, Mariana Sofia T."]
[Black "Goncalves, Lucas Jordao"]
[Result "1-0"]
[WhiteElo "1880"]
[BlackElo "1447"]
[Annotator "NA"]
[PlyCount "101"]
[EventDate "2019.10.27"]
[EventType "swiss"]
[EventCountry "POR"]
[SourceTitle "playchess.com"]
[Source "ChessBase"]
[SourceQuality "1"]
[TimeControl "40/5400+30:1800+30"]

1. Nf3 {[%emt 0:10:32]} d5 {[%emt 0:00:00]} 2. g3 {[%emt 0:00:07]} Nf6 {[%emt 0:00:44]} 3. Bg2 {[%emt 0:00:08]} g6 {[%emt 0:01:07]} 4. b3 {[%emt 0:00:10]} Bg7 {[%emt 0:00:13]} 5. Bb2 {[%emt 0:00:08]} O-O {[%emt 0:00:27]} 6. c4 {[%emt 0:01:21]} dxc4 {[%emt 0:03:58]} 7. bxc4 {[%emt 0:00:09]} c6 {[%emt 0:00:16]} 8. O-O {[%emt 0:04:52]} Be6 {[%emt 0:01:29]} 9. d3 {[%emt 0:01:45]} Qc8 {[%emt 0:00:40]} 10. Nbd2 {[%emt 0:04:30]} c5 {[%emt 0:02:15]} 11. Ng5 {[%emt 0:11:07]} Bd7 {[%emt 0:01:58]} 12. Rb1 {[%emt 0:01:54]} Nc6 {[%emt 0:00:10]} 13. Re1 {[%emt 0:08:37]} Rb8 {[%emt 0:07:42]} 14. Nge4 {[%emt 0:04:56]} Nxe4 {[%emt 0:00:09]} 15. Nxe4 $11 {[%emt 0:00:16]} Bxb2 {[%emt 0:00:08]} 16. Rxb2 {[%emt 0:00:13]} Nd4 {[%emt 0:00:22]} 17. Qd2 {[%emt 0:03:27]} Qc7 {[%emt 0:00:27]} 18. Qg5 {[%emt 0:04:40]} e5 {[%emt 0:00:28]} 19. Nf6+ {[%emt 0:05:11]} Kg7 {[%emt 0:00:09]} 20. Nd5 {[%emt 0:04:33]} Qd6 {[%emt 0:00:33]} 21. Reb1 {[%emt 0:04:35]} b5 {[%emt 0:01:32]} 22. cxb5 {[%emt 0:04:10]} Rxb5 {[%emt 0:02:02]} 23. Rxb5 {[%emt 0:01:29]} Bxb5 {[%emt 0:00:08]} 24. Nc3 {[%emt 0:01:48]} f6 {[%emt 0:01:26]} 25. Qd2 {[%emt 0:02:31]} Bc6 {[%emt 0:00:28]} 26. Bxc6 {[%emt 0:01:09]} Qxc6 {[%emt 0:00:34]} 27. Qb2 {[%emt 0:02:36]} Rf7 {[%emt 0:00:16]} 28. Ne4 {[%emt 0:04:47]} c4 {[%emt 0:00:58]} 29. Rc1 {[%emt 0:00:55]} Rb7 {[%emt 0:00:14]} 30. Qd2 {[%emt 0:00:27]} Rd7 {[%emt 0:22:57]} 31. Qe3 {[%emt 0:04:48]} Qa4 {[%emt 0:01:22]} 32. Nc5 {[%emt 0:01:12]} Qa3 {[%emt 0:00:39]} 33. Rxc4 {[%emt 0:02:39]} Re7 {[%emt 0:00:09]} 34. Rxd4 {[%emt 0:02:51]} Qxc5 {[%emt 0:00:29]} 35. Rc4 {[%emt 0:01:38]} Qb6 {[%emt 0:04:04]} 36. Qxb6 {[%emt 0:00:24]} axb6 {[%emt 0:00:05]} 37. Rb4 {[%emt 0:00:21]} Ra7 {[%emt 0:00:47]} 38. a4 {[%emt 0:00:07]} Ra6 {[%emt 0:00:06]} 39. Kf1 {[%emt 0:00:19]} Kf7 {[%emt 0:00:06]} 40. Ke1 {[%emt 0:00:00]} Ke7 {[%emt 0:00:00]} 41. Kd2 {[%emt 0:00:34]} Kd7 {[%emt 0:00:33]} 42. Kc3 {[%emt 0:00:21]} Kd6 {[%emt 0:00:37]} 43. Kb3 {[%emt 0:02:34]} h6 {[%emt 0:00:27]} 44. Rc4 {[%emt 0:01:08]} Ra8 {[%emt 0:00:21]} 45. Kb4 {[%emt 0:00:55]} Ra5 {[%emt 0:06:15]} 46. Rc8 {[%emt 0:01:12]} Rc5 {[%emt 0:00:11]} 47. Rxc5 {[%emt 0:00:18]} bxc5+ {[%emt 0:00:06]} 48. Kb5 {[%emt 0:01:32]} f5 {[%emt 0:00:08]} 49. Kb6 {[%emt 0:00:27]} e4 {[%emt 0:00:08]} 50. a5 {[%emt 0:00:13]} f4 {[%emt 0:01:00]} 51. gxf4 {[%emt 0:00:16]} 1-0

[Event "XIII Figueira da Foz Open 2019"]
[Site "Figueira da Foz"]
[Date "2019.11.01"]
[Round "6.13"]
[White "Gama, Joao Goncalo Cerejei"]
[Black "Soares, Luis Francisco Almei"]
[Result "1/2-1/2"]
[WhiteElo "1712"]
[BlackElo "2024"]
[Annotator "NA"]
[PlyCount "102"]
[EventDate "2019.10.27"]
[EventType "swiss"]
[EventCountry "POR"]
[SourceTitle "playchess.com"]
[Source "ChessBase"]
[SourceQuality "1"]
[TimeControl "40/5400+30:1800+30"]

1. e4 c5 {[%emt 0:00:03]} 2. Nf3 {[%emt 0:00:00]} d6 3. Bb5+ {[%emt 0:00:00]} Bd7 {[%emt 0:00:20]} 4. Bxd7+ {[%emt 0:00:00]} Nxd7 {[%emt 0:00:10]} 5. O-O Ngf6 {[%emt 0:00:17]} 6. Qe2 {[%emt 0:00:44]} e6 {[%emt 0:01:34]} 7. Rd1 {[%emt 0:01:32]} Be7 {[%emt 0:01:51]} 8. c3 {[%emt 0:00:33]} O-O {[%emt 0:04:03]} 9. d4 {[%emt 0:01:10]} cxd4 {[%emt 0:00:11]} 10. cxd4 {[%emt 0:01:23]} Rc8 {[%emt 0:06:26]} 11. Nc3 {[%emt 0:14:10]} Nb6 {[%emt 0:05:48]} 12. h4 {[%emt 0:07:24]} d5 {[%emt 0:04:44]} 13. Bg5 {[%emt 0:17:12]} (13. e5 $5 {[%cal Re5f6]} Nfd7 14. g3 $11) 13... Nxe4 {[%emt 0:05:14]} 14. Bxe7 $2 {[%emt 0:17:42]} (14. Nxe4 $15 dxe4 15. Qxe4) 14... Nxc3 {[%emt 0:02:50]} ({Not} 14... Qxe7 15. Nxe4 dxe4 16. Qxe4 $15) 15. bxc3 {[%emt 0:00:52]} Qxe7 {[%emt 0:00:23]} 16. Rdc1 $19 {[%emt 0:01:01]} Rc7 {[%emt 0:10:10]} 17. a4 {[%emt 0:03:04]} Rfc8 {[%emt 0:05:12]} 18. a5 {[%emt 0:13:05]} Nc4 {[%emt 0:05:38]} 19. Qd3 {[%emt 0:03:10]} Nd6 20. Nd2 {[%emt 0:05:44]} Rc6 {[%emt 0:03:14]} 21. f3 Qc7 {[%emt 0:04:29]} 22. Ra3 {[%emt 0:01:39]} a6 {[%emt 0:02:42]} 23. Nb1 {[%emt 0:06:48]} Nc4 {[%emt 0:00:40]} 24. Rb3 {[%emt 0:04:16]} Nxa5 25. Rb4 {[%emt 0:01:09]} Nc4 {[%emt 0:02:08]} 26. Nd2 Nxd2 {[%emt 0:03:04]} 27. Qxd2 {[%emt 0:00:34]} b5 {[%emt 0:00:41]} 28. Rb3 Qb6 29. Kh1 {[%emt 0:02:35]} h6 {[%emt 0:02:59]} 30. Qb2 {[%emt 0:01:38]} Rc4 {[%emt 0:03:17]} 31. Ra1 R8c6 {[%emt 0:03:15]} 32. Rba3 {[%emt 0:02:23]} Qb7 {[%emt 0:02:22]} 33. Rb3 {[%emt 0:01:02]} Qc8 {[%emt 0:00:45]} 34. Raa3 {[%emt 0:03:42]} Qc7 {[%emt 0:01:11]} 35. Qd2 b4 {[%emt 0:02:52]} 36. Ra1 {[%emt 0:02:16]} bxc3 {[%emt 0:00:39]} 37. Qd3 {[%emt 0:00:21]} c2 {[%emt 0:00:55]} 38. Rc1 Rc3 {[%emt 0:00:59]} 39. Rxc3 {[%emt 0:00:17]} Rxc3 {[%emt 0:00:09]} 40. Qxa6 {[%emt 0:00:00]} Rb3 {[%emt 0:00:00]} 41. Qa2 Rd3 {[%emt 0:06:53]} 42. Qa4 {[%emt 0:02:07]} Qc3 {[%emt 0:02:39]} 43. Rxc2 {[%emt 0:03:11]} Qxd4 {[%emt 0:04:03]} 44. Qe8+ {[%emt 0:01:33]} Kh7 {[%emt 0:00:07]} 45. Qxf7 {[%emt 0:00:27]} Rd1+ {[%emt 0:00:11]} 46. Kh2 Qe5+ 47. f4 {[%emt 0:02:39]} Qf6 {[%emt 0:12:44]} 48. Qxf6 {[%emt 0:02:37]} gxf6 {[%emt 0:00:09]} 49. Re2 {[%emt 0:00:14]} Kg6 {[%emt 0:01:27]} 50. Rxe6 {[%emt 0:00:09]} d4 {[%emt 0:01:51]} 51. g4 {[%emt 0:06:36]} Rd3 {[%emt 0:05:11]} 1/2-1/2

[Event "XIII Figueira da Foz Open 2019"]
[Site "Figueira da Foz"]
[Date "2019.11.01"]
[Round "6.15"]
[White "Marcal, Armando Paulo Gomes"]
[Black "Dong, Fabio"]
[Result "0-1"]
[WhiteElo "1706"]
[BlackElo "1410"]
[Annotator "NA"]
[PlyCount "83"]
[EventDate "2019.10.27"]
[EventType "swiss"]
[EventCountry "POR"]
[SourceTitle "playchess.com"]
[Source "ChessBase"]
[SourceQuality "1"]
[TimeControl "40/5400+30:1800+30"]

1. e4 c6 2. d4 d5 3. e5 Bf5 4. Ne2 e6 5. Ng3 Bg6 6. h4 h6 7. h5 Bh7 8. Bd3 Bxd3 9. Qxd3 Nd7 10. Nd2 c5 11. c3 cxd4 12. cxd4 Ne7 13. a3 Nc6 14. O-O Be7 15. Nf3 O-O 16. Be3 Rc8 17. Rfc1 Qb6 18. Ne2 Na5 19. Nd2 Nc4 20. Nxc4 Rxc4 21. Rxc4 dxc4 22. Qd2 Qb5 23. Nc3 Qc6 24. Rd1 Nb6 25. Qe2 Nd5 26. Qg4 Nxe3 27. fxe3 Bg5 28. Qe2 b5 29. Rf1 a5 30. Qf2 b4 31. axb4 axb4 32. Ne2 Qe4 33. Nf4 Bxf4 34. exf4 Rd8 35. Rd1 c3 36. bxc3 bxc3 37. g3 c2 38. Rc1 Rxd4 39. Qxc2 Qe3+ 40. Kh1 Rd2 41. Qc6 Qf2 42. Qa8+ 0-1

[Event "XIII Figueira da Foz Open 2019"]
[Site "Figueira da Foz"]
[Date "2019.11.01"]
[Round "6.16"]
[White "Puglia, Francesco"]
[Black "Babo, Miguel"]
[Result "1-0"]
[WhiteElo "1916"]
[BlackElo "1827"]
[Annotator "NA"]
[PlyCount "119"]
[EventDate "2019.10.27"]
[EventType "swiss"]
[EventCountry "POR"]
[SourceTitle "playchess.com"]
[Source "ChessBase"]
[SourceQuality "1"]
[TimeControl "40/5400+30:1800+30"]

1. e4 {[%emt 0:07:10]} Nc6 {[%emt 0:06:25]} 2. Nf3 {[%emt 0:00:17]} f5 {[%emt 0:00:06]} 3. exf5 {[%emt 0:06:01]} d5 {[%emt 0:00:18]} 4. d4 {[%emt 0:05:08]} Bxf5 {[%emt 0:01:20]} 5. Bd3 {[%emt 0:10:25]} Bxd3 {[%emt 0:10:09]} 6. Qxd3 {[%emt 0:00:05]} e6 {[%emt 0:04:27]} 7. O-O {[%emt 0:04:35]} Qd7 {[%emt 0:04:00]} 8. c3 {[%emt 0:02:41]} Be7 {[%emt 0:03:07]} (8... Bd6 $11) 9. Re1 {[%emt 0:01:11]} O-O-O {[%emt 0:02:20]} 10. b4 {[%emt 0:00:25]} Bf6 $18 {[%emt 0:03:34]} 11. a4 {[%emt 0:02:14]} Re8 {[%emt 0:02:04]} 12. a5 {[%emt 0:06:45]} Nge7 {[%emt 0:05:02]} 13. b5 {[%emt 0:02:18]} Nd8 {[%emt 0:01:47]} 14. Bf4 {[%emt 0:02:51]} c6 {[%emt 0:01:27]} 15. bxc6 {[%emt 0:03:24]} Nexc6 {[%emt 0:00:30]} 16. Na3 {[%emt 0:00:30]} Nf7 {[%emt 0:00:30]} 17. Ne5 {[%emt 0:28:33]} Bxe5 {[%emt 0:08:18]} 18. Bxe5 {[%emt 0:01:19]} Nfxe5 {[%emt 0:01:44]} 19. dxe5 {[%emt 0:00:26]} a6 {[%emt 0:00:23]} 20. Nc2 {[%emt 0:06:29]} Qc7 {[%emt 0:04:11]} 21. Nd4 {[%emt 0:00:27]} Nxe5 {[%emt 0:01:03]} 22. Qg3 {[%emt 0:00:52]} Nc4 {[%emt 0:07:25]} 23. Qxc7+ {[%emt 0:04:34]} Kxc7 {[%emt 0:00:14]} 24. Nxe6+ Kd7 25. Nxg7 {[%emt 0:02:22]} Rxe1+ {[%emt 0:06:16]} 26. Rxe1 {[%emt 0:00:03]} Nxa5 {[%emt 0:00:12]} 27. f4 {[%emt 0:00:55]} Nc4 {[%emt 0:01:17]} 28. f5 Rf8 29. g4 {[%emt 0:00:58]} Rf7 {[%emt 0:02:57]} 30. Ne6 {[%emt 0:00:51]} Nd6 {[%emt 0:08:08]} 31. Rd1 h5 32. h3 {[%emt 0:01:05]} hxg4 {[%emt 0:00:49]} 33. hxg4 {[%emt 0:00:04]} Nxf5 {[%emt 0:00:25]} 34. gxf5 {[%emt 0:00:20]} Rxf5 {[%emt 0:00:16]} 35. Nd4 {[%emt 0:00:29]} Rf6 {[%emt 0:02:37]} 36. Ne2 {[%emt 0:00:49]} Kc6 {[%emt 0:00:44]} 37. Rb1 {[%emt 0:00:34]} b5 {[%emt 0:01:26]} 38. Ra1 {[%emt 0:01:12]} Kc5 {[%emt 0:00:32]} 39. Rd1 {[%emt 0:00:00]} a5 {[%emt 0:00:00]} 40. Nd4 {[%emt 0:00:00]} a4 {[%emt 0:00:00]} 41. Rb1 {[%emt 0:02:31]} Rb6 {[%emt 0:05:59]} 42. Rb4 {[%emt 0:00:33]} a3 {[%emt 0:03:40]} 43. Kf2 {[%emt 0:00:52]} a2 {[%emt 0:02:07]} 44. Ke3 {[%emt 0:04:38]} Ra6 {[%emt 0:01:20]} 45. Nb3+ {[%emt 0:01:37]} Kc6 {[%emt 0:00:47]} 46. Na1 {[%emt 0:03:46]} Kc5 {[%emt 0:00:27]} 47. Kd3 {[%emt 0:04:37]} Ra8 {[%emt 0:10:45]} 48. Kc2 {[%emt 0:01:10]} Kc6 {[%emt 0:02:11]} 49. Kb2 {[%emt 0:00:37]} Ra4 {[%emt 0:10:52]} 50. Rxa4 {[%emt 0:15:26]} bxa4 {[%emt 0:00:10]} 51. Nc2 {[%emt 0:00:45]} Kc5 {[%emt 0:00:34]} 52. Kxa2 {[%emt 0:00:24]} Kc4 {[%emt 0:01:52]} 53. Kb2 {[%emt 0:00:03]} Kd3 {[%emt 0:00:53]} 54. Na3 {[%emt 0:00:53]} Kd2 {[%emt 0:00:37]} 55. Nb5 {[%emt 0:00:17]} Kd3 {[%emt 0:00:14]} 56. Ka3 {[%emt 0:00:27]} Kc4 {[%emt 0:00:19]} 57. Kxa4 {[%emt 0:00:23]} Kc5 {[%emt 0:00:10]} 58. Ka5 {[%emt 0:00:41]} Kc6 {[%emt 0:01:24]} 59. Kb4 {[%emt 0:00:38]} Kb6 {[%emt 0:00:12]} 60. Nd4 {[%emt 0:00:12]} 1-0

[Event "XIII Figueira da Foz Open 2019"]
[Site "Figueira da Foz"]
[Date "2019.11.01"]
[Round "6.17"]
[White "Dong, Rafael"]
[Black "Barros Gutierrez, Angel Luis"]
[Result "1/2-1/2"]
[WhiteElo "1486"]
[BlackElo "2038"]
[Annotator "NA"]
[PlyCount "77"]
[EventDate "2019.10.27"]
[EventType "swiss"]
[EventCountry "POR"]
[SourceTitle "playchess.com"]
[Source "ChessBase"]
[SourceQuality "1"]
[TimeControl "40/5400+30:1800+30"]

{[%evp 8,45,23,30,22,15,27,17,30,37,88,52,69,64,77,64,135,73,200,32767,264,251,237,245,268,281,268,261,262,274,259,191,225,255,289,229,195,211,230,231]} 1. Nf3 {[%emt 0:00:00]} c5 {[%emt 0:00:00]} 2. c4 {[%emt 0:00:00]} Nc6 {[%emt 0:00:03]} 3. g3 {[%emt 0:00:00]} e6 {[%emt 0:00:31]} 4. Bg2 {[%emt 0:01:05]} d5 {[%emt 0:00:25]} 5. cxd5 {[%emt 0:00:52]} exd5 {[%emt 0:00:17]} 6. O-O {[%emt 0:00:29]} Nf6 {[%emt 0:00:18]} 7. d4 {[%emt 0:00:09]} c4 {[%emt 0:01:05]} 8. Nc3 {[%emt 0:00:21]} a6 {[%emt 0:01:27] D30: Queen's Gambit Declined: Systems without Nc3} (8... Be7 $11 {keeps the balance.} 9. Ne5 O-O 10. Bg5 Be6 11. Nxc6 bxc6 12. b3 cxb3 13. axb3 h6 14. Bxf6 Bxf6 15. Na4 Bg4 16. Qd3 a5 17. Rfc1 Qe7 18. e3 Qb7 19. Nc5 Qb4 20. h3 Bc8 21. Ra4 {1-0 (43) Filip,L (2438)-Osmanodja,F (2326) Skopje 2019}) 9. Bg5 {[%emt 0:02:17]} Be7 $1 {[%emt 0:00:35]} 10. e3 {[%emt 0:00:15]} Bg4 $146 {[%emt 0:02:30]} ({Predecessor:} 10... h6 11. Bxf6 Bxf6 12. Nd2 Be6 13. b3 b5 14. bxc4 dxc4 15. Bxc6+ Bd7 16. Bxa8 Qxa8 {1-0 (30) Oelrichs,M (1646)-Haaker,M (1200) Pinneberg 2008}) 11. h3 {[%emt 0:02:43]} Bh5 {[%emt 0:00:21]} (11... Be6 $14) 12. Qd2 {[%emt 0:01:58]} (12. g4 $142 Bg6 13. Ne5) 12... b5 {[%emt 0:00:50]} (12... Ng8 $14) 13. Ne5 {[%emt 0:01:10]} Rc8 $2 {[%emt 0:04:37]} (13... Nxe5 $16 14. dxe5 Ne4 15. Qxd5 Qxd5 16. Nxd5 Nxg5) 14. Nxc6 {[%emt 0:06:53]} Rxc6 {[%emt 0:00:12]} 15. Bxf6 {[%emt 0:00:13]} Bxf6 {[%emt 0:03:36]} 16. Nxd5 {[%emt 0:00:18]} Rd6 {[%emt 0:01:11]} 17. Nf4 {[%emt 0:01:00]} Bg6 {[%emt 0:01:05]} 18. a4 {[%emt 0:06:08]} O-O {[%emt 0:01:17]} 19. Nxg6 {[%emt 0:01:10]} fxg6 {[%emt 0:00:36]} 20. axb5 {[%emt 0:01:42]} axb5 {[%emt 0:00:36]} 21. Ra5 {[%emt 0:03:40]} Rb6 {[%emt 0:02:47]} 22. Rfa1 {[%emt 0:01:03]} Qd6 {[%emt 0:00:55]} 23. Qc2 $18 {[%emt 0:12:38]} Qb4 {[%emt 0:03:52]} 24. Ra8 {[%emt 0:02:42]} Rfb8 {[%emt 0:03:10]} 25. Rxb8+ {[%emt 0:01:53]} Rxb8 {[%emt 0:00:11]} 26. Bd5+ {[%emt 0:00:55]} Kf8 {[%emt 0:02:33]} 27. Ra7 {[%emt 0:03:58]} Be7 {[%emt 0:00:58]} 28. Qe4 {[%emt 0:00:58]} Qd6 {[%emt 0:01:25]} 29. Qf3+ {[%emt 0:02:41]} Qf6 {[%emt 0:00:55]} 30. Qxf6+ {[%emt 0:11:01]} gxf6 {[%emt 0:00:24]} 31. Kf1 {[%emt 0:00:39]} Rd8 {[%emt 0:02:54]} 32. Be4 {[%emt 0:03:19]} Rb8 {[%emt 0:02:10]} 33. d5 {[%emt 0:02:55]} f5 {[%emt 0:01:07]} 34. Bf3 {[%emt 0:02:06]} Bf6 {[%emt 0:03:42]} 35. d6 {[%emt 0:11:24]} Bxb2 {[%emt 0:01:22]} 36. Bd5 {[%emt 0:01:21]} Rd8 {[%emt 0:02:40]} 37. Rf7+ {[%emt 0:00:17]} Ke8 {[%emt 0:02:58]} 38. Re7+ {[%emt 0:01:01]} Kf8 {[%emt 0:00:24]} 39. Rf7+ {[%emt 0:00:22]} 1/2-1/2

[Event "XIII Figueira da Foz Open 2019"]
[Site "Figueira da Foz"]
[Date "2019.11.01"]
[Round "6.18"]
[White "Moes Joaquim, Carlos"]
[Black "Junior, Aguinaldo Vera Cruz"]
[Result "1-0"]
[WhiteElo "1400"]
[BlackElo "1558"]
[Annotator "NA"]
[PlyCount "110"]
[EventDate "2019.10.27"]
[EventType "swiss"]
[EventCountry "POR"]
[SourceTitle "playchess.com"]
[Source "ChessBase"]
[SourceQuality "1"]
[TimeControl "40/5400+30:1800+30"]

1. d4 {[%emt 0:00:00]} d5 {[%emt 0:00:00]} 2. c4 {[%emt 0:00:00]} c6 {[%emt 0:00:00]} 3. Nc3 {[%emt 0:00:00]} Nf6 {[%emt 0:00:23]} 4. Nf3 {[%emt 0:00:37]} Bg4 {[%emt 0:02:22]} 5. e3 {[%emt 0:00:24]} e6 {[%emt 0:00:41]} 6. Be2 {[%emt 0:00:31]} Bxf3 {[%emt 0:01:06]} 7. Bxf3 {[%emt 0:00:30]} dxc4 {[%emt 0:00:12]} 8. Qa4 {[%emt 0:01:06]} Nd5 {[%emt 0:02:04]} 9. Qxc4 {[%emt 0:00:48]} Nxc3 {[%emt 0:00:47]} 10. bxc3 {[%emt 0:00:18]} Qa5 {[%emt 0:01:15]} 11. O-O {[%emt 0:00:52]} Bd6 {[%emt 0:03:52]} 12. e4 {[%emt 0:01:49]} O-O {[%emt 0:00:39]} 13. e5 {[%emt 0:00:13]} Be7 {[%emt 0:00:45]} 14. Bd2 {[%emt 0:03:22]} Nd7 {[%emt 0:00:38]} 15. Qd3 {[%emt 0:01:28]} Rab8 {[%emt 0:01:19]} 16. Bd1 {[%emt 0:00:11]} Qd8 {[%emt 0:02:11]} 17. f4 {[%emt 0:01:23]} c5 {[%emt 0:00:51]} 18. Bc2 {[%emt 0:00:14]} f5 {[%emt 0:01:02]} 19. Bb3 {[%emt 0:00:28]} Qb6 {[%emt 0:01:09]} 20. Kh1 {[%emt 0:02:45]} cxd4 {[%emt 0:03:17]} 21. cxd4 {[%emt 0:00:18]} Rbd8 {[%emt 0:01:47]} 22. Qc4 {[%emt 0:03:36]} Nb8 {[%emt 0:04:11]} 23. Be3 Rd5 {[%emt 0:07:50]} 24. Rad1 {[%emt 0:03:21]} Nc6 25. Qc3 {[%emt 0:09:19]} Bb4 {[%emt 0:03:50]} 26. Qb2 {[%emt 0:00:59]} Rdd8 27. Bxe6+ {[%emt 0:02:31]} Kh8 {[%emt 0:01:26]} 28. Bb3 {[%emt 0:01:24]} Na5 {[%emt 0:00:52]} 29. Rd3 {[%emt 0:01:22]} Qa6 {[%emt 0:01:12]} 30. Bc2 {[%emt 0:01:34]} Be7 {[%emt 0:02:12]} 31. Bg1 {[%emt 0:04:20]} Nc4 32. Qa1 {[%emt 0:02:11]} Rc8 {[%emt 0:01:13]} 33. Rfd1 {[%emt 0:00:35]} Ba3 34. Rb3 {[%emt 0:01:47]} Nxe5 {[%emt 0:04:56]} 35. Qb1 {[%emt 0:07:18]} Ng6 {[%emt 0:02:33]} 36. Bxf5 {[%emt 0:00:15]} Rc7 {[%emt 0:02:32]} 37. Bd3 {[%emt 0:01:04]} Qd6 38. f5 {[%emt 0:02:08]} Nf4 {[%emt 0:02:27]} 39. Be4 {[%emt 0:01:09]} b6 {[%emt 0:00:58]} 40. Bf2 {[%emt 0:00:00]} Ne2 {[%emt 0:00:00]} 41. Bg3 {[%emt 0:07:35]} Nxg3+ {[%emt 0:02:01]} 42. Rxg3 {[%emt 0:00:10]} Rfc8 {[%emt 0:00:23]} 43. Rgd3 {[%emt 0:02:08]} Rc3 {[%emt 0:02:18]} 44. g3 {[%emt 0:02:19]} Qh6 {[%emt 0:01:58]} 45. Qb5 {[%emt 0:03:09]} Rc2 {[%emt 0:03:14]} 46. Bg2 {[%emt 0:02:02]} Bd6 {[%emt 0:00:53]} 47. h3 {[%emt 0:00:12]} Bxg3 {[%emt 0:02:09]} 48. Rxg3 {[%emt 0:01:53]} Rc1 {[%emt 0:00:05]} 49. Rg1 {[%emt 0:00:42]} Rxg1+ {[%emt 0:01:51]} 50. Kxg1 {[%emt 0:00:00]} Qf4 {[%emt 0:01:49]} 51. Qe5 {[%emt 0:06:30]} Qh6 {[%emt 0:04:10]} 52. d5 {[%emt 0:03:21]} Rf8 {[%emt 0:00:47]} 53. d6 {[%emt 0:00:34]} Qc1+ {[%emt 0:00:53]} 54. Kh2 {[%emt 0:00:13]} Rg8 {[%emt 0:00:34]} 55. Bd5 {[%emt 0:00:23]} Qb2+ {[%emt 0:01:05] Qe4} 1-0

[Event "XIII Figueira da Foz Open 2019"]
[Site "Figueira da Foz"]
[Date "2019.11.01"]
[Round "7.1"]
[White "Klekowski, Maciej"]
[Black "Clarke, Brandon G I"]
[Result "*"]
[WhiteElo "2481"]
[BlackElo "2445"]
[Annotator "RC"]
[PlyCount "32"]
[EventDate "2019.10.27"]
[EventType "swiss"]
[EventCountry "POR"]
[SourceTitle "playchess.com"]
[Source "ChessBase"]
[SourceQuality "1"]
[TimeControl "40/5400+30:1800+30"]

1. c4 {[%emt 0:00:00]} Nf6 {[%emt 0:02:45]} 2. Nc3 {[%emt 0:00:00]} g6 {[%emt 0:00:30]} 3. d4 {[%emt 0:00:10]} Bg7 {[%emt 0:00:30]} 4. g3 {[%emt 0:00:30]} O-O {[%emt 0:00:30]} 5. Bg2 {[%emt 0:00:30]} d6 {[%emt 0:00:15]} 6. Nf3 {[%emt 0:00:00]} Nc6 {[%emt 0:00:25]} 7. O-O e5 {[%emt 0:00:03]} 8. d5 {[%emt 0:00:51]} Nb8 {[%emt 0:07:39]} 9. c5 Na6 {[%emt 0:00:03]} 10. cxd6 {[%emt 0:01:16]} cxd6 {[%emt 0:00:30]} 11. Nd2 Nd7 {[%emt 0:00:35]} 12. Nb5 {[%emt 0:12:59]} Nf6 13. e4 {[%emt 0:01:52]} Ne8 {[%emt 0:00:38]} 14. Nc4 f5 {[%emt 0:07:01]} 15. Be3 {[%emt 0:08:59]} b6 {[%emt 0:00:30]} 16. f3 {[%emt 0:00:30]} Nac7 {[%emt 0:00:30]} *

[Event "XIII Figueira da Foz Open 2019"]
[Site "Figueira da Foz"]
[Date "2019.11.01"]
[Round "7.1"]
[White "Klekowski, Maciej"]
[Black "Clarke, Brandon G I"]
[Result "1-0"]
[WhiteElo "2481"]
[BlackElo "2445"]
[Annotator "TA"]
[PlyCount "85"]
[EventDate "2019.10.27"]
[EventType "swiss"]
[EventCountry "POR"]
[SourceTitle "playchess.com"]
[Source "ChessBase"]
[SourceQuality "1"]

{[%evp 15,97,45,47,9,14,6,15,0,44,52,51,48,44,45,47,47,46,35,44,19,77,31,41,22,68,69,71,70,95,91,83,51,63,51,52,0,34,0,12,17,100,89,85,82,102,116,212,211,319,335,302,318,297,279,372,364,497,367,471,452,577,565,537,557,1400,1302,1696,1682,1653,1618,2208,1810,6170,6168,6083,5934,5769,5709,3616,2696,5373,3466,1766,1445]} 1. c4 Nf6 2. Nc3 g6 3. d4 Bg7 4. g3 O-O 5. Bg2 d6 6. Nf3 Nc6 7. O-O e5 8. d5 Nb8 9. c5 {E62: King's Indian: Fianchetto: 6...c6 and Panno Variation (6...Nc6) without ...a6} Na6 10. cxd6 cxd6 11. Nd2 {The position is equal.} Nd7 $146 ({Predecessor:} 11... Bd7 12. a4 Ne8 13. Nc4 Rc8 14. b3 e4 15. Bd2 f5 16. Rc1 Qe7 {½-½ (79) Cordova,E (2602)-Popovic,D (2523) Montcada 2016}) 12. Nb5 Nf6 $1 13. Nc4 Ne8 $1 14. e4 f5 15. Be3 b6 16. f3 $36 {[%mdl 2048] Black is under pressure.} Nac7 17. a4 Ba6 (17... Nxb5 $11 {keeps the balance.} 18. axb5 Nc7) 18. Nca3 Rf7 19. Qd2 Nf6 20. Rfc1 Nxb5 21. Nxb5 h5 22. exf5 gxf5 23. Bh3 Ne8 $1 24. f4 Bb7 25. a5 ({White should play} 25. fxe5 $14 dxe5 26. Rf1) 25... bxa5 26. Nxa7 exf4 27. gxf4 Qh4 {[#]} (27... Nf6 $11 28. Nc6 (28. Rxa5 Ne4 $17) (28. Bxf5 $2 Nxd5 {[%mdl 64] Discovered Attack} 29. Be6 Qe7 $19) 28... Qe8) 28. Bf2 $1 $16 {[%cal Rf2h4]} Qxh3 29. Ra3 Qg4+ 30. Rg3 Bh6 (30... Nf6 $16 {keeps fighting.} 31. Rxg4 hxg4) 31. Rxg4+ $18 fxg4 (31... hxg4 $142 32. Nb5 Bf8) 32. Nc6 Ng7 33. Re1 Nf5 34. Re6 Bg7 35. Qe2 Kf8 36. b3 Rc8 37. Qe4 {White is clearly winning.} h4 {[#]} 38. Rxd6 $3 {[%mdl 512] Black must now prevent Rd8+.} Nxd6 39. Bc5 Rf6 {...Re8 is the strong threat.} 40. Bxd6+ Rxd6 41. Qe7+ {[%mdl 64] Double Attack} Kg8 42. Qxd6 Kh7 43. Ne7 {Played: Qd6-d7} 1-0

[Event "XIII Figueira da Foz Open 2019"]
[Site "Figueira da Foz"]
[Date "2019.11.01"]
[Round "7.2"]
[White "Grigoryan, Karen H."]
[Black "Stella, Andrea"]
[Result "1/2-1/2"]
[WhiteElo "2608"]
[BlackElo "2484"]
[Annotator "TA"]
[PlyCount "48"]
[EventDate "2019.10.27"]
[EventType "swiss"]
[EventCountry "POR"]
[SourceTitle "playchess.com"]
[Source "ChessBase"]
[SourceQuality "1"]

{[%evp 9,48,11,26,15,18,20,12,17,23,15,18,-8,-12,-8,-4,-10,-14,-17,-7,-12,0,0,0,0,0,0,0,0,0,0,0,3,22,0,13,-18,-15,-27,-17,-16,0]} 1. Nf3 c5 2. e4 e6 3. g3 d5 4. exd5 exd5 5. Bg2 ({Predecessor:} 5. d4 Nf6 6. Bg2 Be7 {0-1 (41) Bacrot,A (2272)-Barseghyan,H (2519) Chartres 2019}) 5... Nf6 $146 (5... Qe7+ 6. Kf1 Nc6 7. d4 Bg4 8. c3 cxd4 9. h3 Bxf3 10. Bxf3 Qf6 11. cxd4 Qxd4 12. Kg2 Bc5 13. Qc2 {½-½ (34) Mareco,S (2643)-Dreev,A (2657) Cattolica 2019}) 6. O-O {B40: Sicilian: 2...e6, Unusual lines} Be7 7. d4 O-O 8. dxc5 Bxc5 9. Bg5 Nc6 10. Nbd2 h6 11. Bxf6 Qxf6 12. Nb3 Bb6 13. c3 Rd8 14. a4 {[%cal Ba2a4,Ba4a5][%mdl 32]} a6 15. a5 Ba7 16. Nfd4 Ne5 17. h3 Nc4 18. Qc2 h5 19. Rfe1 g6 20. Re2 Nd6 21. Rae1 Kg7 22. Re3 Bf5 23. Qc1 {Hoping for Rf3.} Be4 24. R3e2 Rac8 {Accuracy: White = 70%, Black = 79%.} 1/2-1/2